| 000 | 00937nam a2200217 a 4500 | ||
|---|---|---|---|
| 001 | BRCA_8830 | ||
| 005 | 20190320210429.0 | ||
| 008 | 050517s1766----sp-#######---#000-0#spa-# | ||
| 041 | _aspa | ||
| 044 | _asp | ||
| 084 |
_aBE211 _b.N47 1766 |
||
| 100 | 1 |
_aNepueu, Francisco _d1639 - 1708 _922008 |
|
| 245 | 1 | 0 |
_aPensamientos, o reflexiones christianas, para todos los días de el año _cescritos por el R.P. Francisco Nepueu, y obra traducida en castellano; y se dedican a la virgen santissima; TomoI, enero, febrero y marzo. |
| 260 |
_aBarcelona _bEn la Imprenta de María Angela Martí Viuda _c1766 |
||
| 300 |
_a[22], 349 p. (t.1) _c15.5 x 11 cm. |
||
| 500 | _aCon las licencias necesarias | ||
| 500 | _aEstado físico: presenta encuadernación en pergamino con cintas rotas, presencia del pez de plata y lomo semi desprendido | ||
| 650 | 1 | 4 |
_aCalendario litúrgico _yObras anteriores a 1800 _921834 |
| 902 | _aCFM | ||
| 942 |
_2lcc _cB |
||
| 999 |
_c8481 _d8481 |
||